Score 0/17 Timer 04:00
0 Plays Today
Question Answer Wrong Answers
Director
Which director is known for suspense thrillers such as 'Psycho'?
Alfred Hitchcock
90.8%
Steven Spielberg
2.6%
Stanley Kubrick
3.2%
Robert Zemeckis
0.7%
Role
Which of these actors has not played the role of Batman?
Liam Neeson
89.9%
Ben Affleck
3.6%
Val Kilmer
2.6%
Christian Bale
0.8%
Oscar
Which of these Oscar categories has been discontinued?
Best Assistant Director
79.6%
Best Sound Mixing
13.2%
Best Cinematography
2.5%
Best Original Score
3.2%
Movie Characters
What is the name of Jimmy Stewart's character in 'It's a Wonderful Life'?
George Bailey
79.4%
Rick Blaine
6.1%
Charles Kane
7.2%
Tom Joad
3.5%
Movie Titles
What is the correct subtitle for the first movie of the Pirates of the Caribbean franchise?
The Curse of the Black Pearl
76.7%
Dead Man's Chest
14%
On Stranger Tides
4.3%
At World's End
4%
Horror Movies
Which horror film has the character Michael Myers as its antagonist?
Halloween
76%
A Nightmare on Elm Street
11.1%
Scream
5.4%
The Exorcist
1.9%
Actress
Who is the only woman to be nominated for Best Actress at least 15 times?
Meryl Streep
74.8%
Ingrid Bergman
1.7%
Bette Davis
2.3%
Katharine Hepburn
19%
James Bond
Which actor appeared in only one Bond film?
George Lazenby
69.6%
Timothy Dalton
17%
Roger Moore
5%
Daniel Craig
3%
Actor
Who was the lead actor in the film '12 Angry Men'?
Henry Fonda
63.7%
Cary Grant
8%
Jimmy Stewart
13%
Marlon Brando
13.2%
Movie Quotes
What movie features the quote: 'I always wanted to be a gangster'?
Goodfellas
63.1%
The Godfather
8.3%
Scarface
15.7%
The Departed
9.5%
Pixar
Which actor has voiced a character in every Pixar movie?
John Ratzenberger
62%
Tom Hanks
19.2%
John Goodman
11.8%
Owen Wilson
4.4%
Nominee
Which actor from 'The Godfather' was nominated for Best Actor in a Leading Role?
Marlon Brando
61.5%
James Caan
2.3%
Al Pacino
28.9%
Robert Duvall
2.9%
Star Wars
What is the correct spelling of Chewbacca's home planet?
Kashyyyk
53.7%
Kasheek
17.3%
Cashyyk
8.5%
Kaishyk
15.3%
Movie Resume
For which of these movies did Daniel Day-Lewis not win Best Actor?
Gangs of New York
52.6%
My Left Foot
20.1%
There Will Be Blood
16%
Lincoln
10.5%
Box Office
Which of these films did not gross over 2 billion dollars worldwide?
The Dark Knight
44.8%
The Force Awakens
26%
Titanic
19.9%
Avatar
5.4%
Best Picture
Which of these films did not win Best Picture?
Saving Private Ryan
41.8%
Rocky
18.9%
The Silence of the Lambs
17.7%
Amadeus
16.8%
Disney
Which Disney movie was not created by Walt Disney Animation Studios?
A Goofy Movie
25.3%
Chicken Little
53.3%
Hercules
5.7%
Frozen
15.4%
Remove Ads.
Support Sporcle.
Get the best of Sporcle when you Go Orange. This ad-free experience offers more features, more stats, and more fun while also helping to support Sporcle. Thank you for becoming a member.

You're not logged in!

Compare scores with friends on all Sporcle quizzes.
OR
Log In

Sporcle TV

Today on Sporcle TV


Watch our educational content, quiz creation guides, and fun videos on Sporcle TV.

Show Comments

Extras

Top Quizzes Today


Score Distribution

Paid Content

Your Account Isn't Verified!

In order to create a playlist on Sporcle, you need to verify the email address you used during registration. Go to your Sporcle Settings to finish the process.

Report this User

Report this user for behavior that violates our Community Guidelines.

Details: